Zistenie finančnej situácie firmy Modelová a.s.

Úlohou finančného riadenia firmy je poskytovať prehľad o finančnej situácii a finančných súvislostiach hospodárenia firmy. Finančná štruktúra modelovej firmy. Vybrané finančné ukazovatele. Ukazovatele stability. Ukazovatele likvidity. Ukazovatele rentability. Štruktúra obežného majetku.

Guardado en:
Detalles Bibliográficos
Autor principal: Štangová, Nora
Formato: Capítulo de libro
Lenguaje:eslovaco
Materias:
Etiquetas: Agregar Etiqueta
Sin Etiquetas, Sea el primero en etiquetar este registro!

MARC

LEADER 00000naa a2200000 4500
001 r025485
005 20230922084533.7
041 0 |a slo 
044 |a CZ 
245 1 0 |a Zistenie finančnej situácie firmy  |b Modelová a.s.  |c Nora Štangová 
520 |a Úlohou finančného riadenia firmy je poskytovať prehľad o finančnej situácii a finančných súvislostiach hospodárenia firmy. Finančná štruktúra modelovej firmy. Vybrané finančné ukazovatele. Ukazovatele stability. Ukazovatele likvidity. Ukazovatele rentability. Štruktúra obežného majetku. 
610 2 0 |a analýza finančná 
610 2 0 |a hospodárstvo podniku finančné 
610 2 0 |a manažment finančný 
610 2 0 |a účtovníctvo manažérske 
610 2 0 |a ukazovatele finančné 
610 2 0 |a ukazovatele rentability 
610 2 0 |a likvidita 
610 2 0 |a majetok obežný 
100 1 |a Štangová, Nora